Countries Maithripala Sirisena has visited - Statistics

General Stats
  • This quiz has been taken 28 times
    20 since last reset
  • The average score is 22 of 29
Answer Stats
Continent Country % Correct
Asia/ Europe Russia
100%
Europe United Kingdom
100%
Asia China
90%
Europe France
90%
Europe Germany
90%
Asia India
90%
Europe Italy
90%
Asia Pakistan
90%
Asia Thailand
90%
North America United States of America
90%
Europe Austria
80%
Asia Indonesia
80%
Asia Iran
80%
Asia Japan
80%
Asia Malaysia
80%
Asia Singapore
80%
Asia South Korea
80%
Asia the Philippines
80%
Europe Vatican City
80%
Asia Bangladesh
70%
Africa Kenya
70%
Asia Qatar
70%
Asia the Maldives
70%
Asia Cambodia
60%
Asia Nepal
60%
Asia Georgia
50%
Africa Seychelles
50%
Europe Malta
30%
Asia Tajikistan
20%
No matching quizzes found
Score Distribution
Percent of People with Each Score
Percentile by Number Answered
Your Score History
You have not taken this quiz since the last reset